Wer oder was fehlt? - Statistiken

Allgemein
  • Dieses Quiz wurde 141 mal gespielt
  • Das Durchschnittsergebnis liegt bei 7 aus 16
Antwortstatistiken
Bildquiz Antwort % Korrekt
Hund
94%
Jesus Christus
91%
Auto
66%
Telefonhörer
62%
Maggie Simpsons
59%
Schnabel
54%
Pluto
53%
Kind
49%
Ringo Starr
44%
Geldschein
36%
Joachim Llambi
28%
Pferd
14%
Mario Götze
12%
Rocket Raccoon
10%
Augenbrauen
4%
Sommersprossen
2%
Keine übereinstimmenden Quizze gefunden
Verteilung der Resultate
Anzahl Personen mit jedem Resultat
Perzentil nach korrekt beantworteten Fragen
Ihre Resultats-Entwicklung
Sie haben dieses Quiz noch nicht gespielt